00536nam a2200169Ia 4500008004100000020001800041082001900059100002300078245012800101250001300229260003100242300001500273650002300288650001300311700001700324700002500341220501s2019 xx 000 0 eng d a9789353162931 a658.4012 PEA-S aPearce II, John A. 0aStrategic management : planning for domestic and global competitioncJohn A. Pearce II, Richard B. Robinson and Amita Mital a15th ed. achennaibMcGraw Hillc2019 axxv, 798p. aStrategic planning aStrategy aMital, Amita aRobinson, Richard B.